000 00843nas a2200253 4500
001 BR0809056
003 BR-BrBNA
005 20231205112513.0
007 ta
008 230509b bl.|||p| |||| 00| 00por d
040 _aBR-BrBNA
_bpor
_cBiblioteca Nacional de Agricultura
041 _a(Pt)
072 _aE70; E71
110 1 _aFundação Getúlio Vargas, Rio de Janeiro, RJ (Brasil)
245 1 _a10 Fórum da Associação Brasileira de Agribusiness: barreiras técnicas de comércio e sustentabilidade
650 _aAGRONEGÓCIO
650 _aTECNOLOGIA APROPRIADA
650 _aDESENVOLVIMENTO SUSTENTÁVEL
650 _aGATT
650 _aMERCADO INTERNACIONAL
773 0 _tAgroanalysis (Brazil)
_xISSN 0100-4298
_g(Mar 2008), v. 28(3) p. 40-47
_wBR0809056
909 _a202311
_bLúcia
_c55
_dLúcia Elande
942 _2AGRIS
_n0
_cANA
999 _c198410
_d198410